| 000 | 00411nam a22001697a 4500 | ||
|---|---|---|---|
| 005 | 20160625135427.0 | ||
| 008 | 160625b xxu||||| |||| 00| 0 eng d | ||
| 020 | _a81-7273-208-2 | ||
| 041 | _aeng | ||
| 082 | _b10218 | ||
| 100 |
_aNath. Shyam _92696 |
||
| 245 | _aAssesing the State of Web Journalism | ||
| 260 |
_bAuthours Press _c2005 |
||
| 300 | _a309 | ||
| 650 |
_aMass Communication _92660 |
||
| 942 | _cBK | ||
| 999 |
_c4024 _d4023 |
||